=LDR 00000nam 2200000 4500 =001 INLIS000000000049484 =005 20170223084823.0 =006 =007 =008 =020 ##$$a 978-602-7686-47-3 =035 ##$$0010-021700000000276 =040 ##$$a NBPDMAT =082 ##$$a 581.6 =090 ##$$a 581.6 $bAli p =100 ##$$a Alimuddin Mesir =245 ##$$a Pewarna alam Gumi Saasak $c/ H. Alimuddin Mesir, M.Pd.; Editor, Drs. H.M. Qiyamuddin Mesir, M.Pd. =250 ##$$a Cetakan Revisi =260 ##$$a Selong $b KSU Primaguna $c 2014 =300 ##$$a v,97 hlm, : $b ilus. ; $c 20 cm =500 ##$$a Bibliografi hlm : 96 =650 ##$$a Tumbuhan Bermanfaat =700 ##$$a Drs. H.M. Qiyamuddin Mesir, M.Pd. =850 ##$$a NBPDMAT =990 ##$$a 21603870 =990 ##$$a 21603871 =990 ##$$a 21603872 =990 ##$$a 21603873 =990 ##$$a 21603874